[Event "Heusenstamm Sparkassen op-B 4th"]
[Site "Heusenstamm"]
[Date "2017.11.25"]
[Round "5"]
[White "Graef, Roman Konrad"]
[Black "Tobias, Christian"]
[Result "0-1"]
[WhiteElo "1191"]
[BlackElo "1457"]
[PlyCount "60"]
[EventDate "2017.11.23"]
[EventType "swiss"]
[EventRounds "7"]
[EventCountry "GER"]
[SourceTitle "EXT 2019"]
[Source "ChessBase"]
[SourceDate "2018.10.10"]
[SourceVersion "1"]
[SourceVersionDate "2018.10.10"]
[SourceQuality "1"]

1. d4 d5 2. Bf4 Nf6 3. Nf3 Nc6 4. e3 Bg4 5. h3 Bf5 6. Be2 e6 7. 0-0 Bd6 8. c3 0-0 9. Nbd2 Re8 10. Bb5 e5 11. dxe5 Bxe5 12. Bxe5 Rxe5 13. Bxc6 bxc6 14. g4 Bxg4 15. hxg4 Re8 16. Qa4 Qd7 17. Nd4 Qxg4+ 18. Kh2 Re5 19. Nf5 Qxa4 20. Rg1 Rxf5 21. Kg2 Rg5+ 22. Kf1 Rxg1+ 23. Kxg1 Qg4+ 24. Kf1 Ne4 25. Nxe4 dxe4 26. Rb1 Rd8 27. Rc1 Qf3 28. Re1 Rd2 29. Kg1 Qxf2+ 30. Kh1 Qg2# 0-1

[Event "Rhein Main op-B 20th"]
[Site "Bad Homburg"]
[Date "2017.06.14"]
[Round "1"]
[White "Graef, Roman Konrad"]
[Black "Hofmann, Werner"]
[Result "0-1"]
[WhiteElo "745"]
[BlackElo "1635"]
[PlyCount "20"]
[EventDate "2017.06.14"]
[EventType "swiss"]
[EventRounds "7"]
[EventCountry "GER"]
[SourceTitle "EXT 2018"]
[Source "ChessBase"]
[SourceDate "2017.10.13"]
[SourceVersion "1"]
[SourceVersionDate "2017.10.13"]
[SourceQuality "1"]

1. e4 e5 2. Nf3 Nc6 3. Bc4 Bc5 4. 0-0 Nf6 5. Nc3 a6 6. d3 h6 7. a3 d6 8. Qe1 Bg4 9. Qe2 Nd4 10. Be3 Nxe2+ 0-1

[Event "Heusenstamm Sparkassen op U14 3rd"]
[Site "Heusenstamm"]
[Date "2016.11.27"]
[Round "5"]
[White "Toepfer, Tim"]
[Black "Graef, Roman Konrad"]
[Result "1-0"]
[WhiteElo "991"]
[BlackElo "766"]
[PlyCount "57"]
[EventDate "2016.11.27"]
[EventType "swiss"]
[EventRounds "5"]
[EventCountry "GER"]
[SourceTitle "EXT 2018"]
[Source "ChessBase"]
[SourceDate "2017.10.13"]
[SourceVersion "1"]
[SourceVersionDate "2017.10.13"]
[SourceQuality "1"]

1. e4 e6 2. Nc3 d6 3. Bc4 b6 4. d3 Bb7 5. Nf3 g6 6. Bg5 Ne7 7. Bf6 Rg8 8. Ng5 h6 9. Nh7 Bg7 10. Bxg7 Rxg7 11. Nf6+ Kf8 12. Qe2 Ng8 13. Nxg8 Rxg8 14. 0-0-0 a6 15. d4 Nd7 16. e5 Bxg2 17. Rhg1 Bd5 18. Nxd5 exd5 19. Bxd5 Ra7 20. Qf3 Qe7 21. e6 Nf6 22. Rde1 fxe6 23. Rxe6 Qg7 24. Qxf6+ Qxf6 25. Rxf6+ Kg7 26. Rfxg6+ Kh7 27. Bxg8+ Kh8 28. R1g4 h5 29. Rh6# 1-0